| 000 -LEADER |
| fixed length control field |
01237nam a22002297a 4500 |
| 005 - DATE AND TIME OF LATEST TRANSACTION |
| control field |
20260226145537.0 |
| 008 - FIXED-LENGTH DATA ELEMENTS--GENERAL INFORMATION |
| fixed length control field |
260226s2006 en ||||| |||| 00| 0 eng d |
| 020 ## - INTERNATIONAL STANDARD BOOK NUMBER |
| International Standard Book Number |
9780801473715 X |
| 041 ## - LANGUAGE CODE |
| Language code of text/sound track or separate title |
eng |
| 080 ## - UNIVERSAL DECIMAL CLASSIFICATION NUMBER |
| Universal Decimal Classification number |
338.2:330.14:005.591.4(520)V-83 |
| 100 ## - MAIN ENTRY--PERSONAL NAME |
| Personal name |
Vogel, Steven K. |
| 9 (RLIN) |
26989 |
| 245 ## - TITLE STATEMENT |
| Title |
Japan remodeled : |
| Remainder of title |
how government a. industry are reforming Japanese capitalism / |
| Statement of responsibility, etc. |
Steven K. Vogel, ed. Peter J. Katzenstein |
| 264 ## - PRODUCTION, PUBLICATION, DISTRIBUTION, MANUFACTURE, AND COPYRIGHT NOTICE |
| Place of production, publication, distribution, manufacture |
Ithaca ; London : |
| Name of producer, publisher, distributor, manufacturer |
Cornell Univ. press, |
| Date of production, publication, distribution, manufacture, or copyright notice |
[2006]. |
| 300 ## - PHYSICAL DESCRIPTION |
| Extent |
[12], 250, [4] p. : |
| Other physical details |
tab. ; |
| Dimensions |
25 cm. |
| 440 ## - SERIES STATEMENT/ADDED ENTRY--TITLE |
| Title |
Cornell studies in political economy Japan business |
| 9 (RLIN) |
26990 |
| 521 ## - TARGET AUDIENCE NOTE |
| Target audience note |
Bibliogr.: p. 225-238 a. in the text notes. |
| 653 ## - INDEX TERM--UNCONTROLLED |
| keyword |
იაპონიის ეკონომიკური პოლიტიკა. |
| 653 ## - INDEX TERM--UNCONTROLLED |
| keyword |
იაპონიის სამრეწველო პოლიტიკა. |
| 653 ## - INDEX TERM--UNCONTROLLED |
| keyword |
იაპონური კაპიტალიზმი. კორპორაციული რეორგანიზაცია იაპონიაში. იაპონიის ეკონომიკის გარდაქმნა. |
| 700 ## - ADDED ENTRY--PERSONAL NAME |
| Personal name |
Katzenstein, Peter |
| Relator term |
რედაქტორი |
| 9 (RLIN) |
26984 |
| 942 ## - ADDED ENTRY ELEMENTS (KOHA) |
| Source of classification or shelving scheme |
|
| Koha item type |
წიგნი |